How to make a few more billion dollars / (Record no. 126792)

MARC details
000 -LEADER
campo de control de longitud fija 02824nam a2200325 a 4500
001 - NÚMERO DE CONTROL
campo de control in00024312582
003 - IDENTIFICADOR DE NÚMERO DE CONTROL
campo de control BJBSDDR
005 - FECHA Y HORA DE LA ÚLTIMA TRANSACCIÓN
campo de control 20260414123937.0
007 - CAMPO FIJO DE DESCRIPCIÓN FÍSICA--INFORMACIÓN GENERAL
campo de control de longitud fija ta
008 - DATOS DE LONGITUD FIJA--INFORMACIÓN GENERAL
campo de control de longitud fija 250828s2025 txu 000 0 eng
010 ## - NÚMERO DE CONTROL DE LA BIBLIOTECA DEL CONGRESO
Número de control de LC 2025919089
040 ## - FUENTE DE CATALOGACIÓN
Centro catalogador/agencia de origen DLC
Lengua de catalogación eng
Normas de descripción rda
Centro/agencia transcriptor DLC
041 ## - CÓDIGO DE IDIOMA
Código de lengua del texto/banda sonora o título independiente eng
042 ## - CÓDIGO DE AUTENTICACIÓN
Código de autenticación pcc
050 ## - SIGNATURA TOPOGRÁFICA DE LA BIBLIOTECA DEL CONGRESO
Número de ítem J17h 2025
100 1# - ENTRADA PRINCIPAL--NOMBRE DE PERSONA
Nombre de persona Jacobs, Brad,
Fechas asociadas al nombre 1956-
Término indicativo de función/relación author.
9 (RLIN) 47926
245 10 - MENCIÓN DEL TÍTULO
Título How to make a few more billion dollars /
Mención de responsabilidad, etc. Brad Jacobs.
263 ## - FECHA PROYECTADA DE PUBLICACIÓN
Fecha proyectada de publicación 2512
264 #1 - PRODUCCIÓN, PUBLICACIÓN, DISTRIBUCIÓN, FABRICACIÓN Y COPYRIGHT
Producción, publicación, distribución, fabricación y copyright Austin :
Nombre del de productor, editor, distribuidor, fabricante Greenleaf Book Group Press,
Fecha de producción, publicación, distribución, fabricación o copyright 2025.
300 ## - DESCRIPCIÓN FÍSICA
Extensión 280 pages ;
Dimensiones 24 cm.
336 ## - TIPO DE CONTENIDO
Término de tipo de contenido text
Código de tipo de contenido txt
Fuente rdacontent
337 ## - TIPO DE MEDIO
Nombre/término del tipo de medio unmediated
Código del tipo de medio n
Fuente rdamedia
338 ## - TIPO DE SOPORTE
Nombre/término del tipo de soporte volume
Código del tipo de soporte nc
Fuente rdacarrier
505 ## - NOTA DE CONTENIDO CON FORMATO
Nota de contenido con formato <br/>Finding your center - meditation and mental synthesis<br/>Making your way back to center<br/>Choosing the right industry to consolidate<br/>Raising tons of money<br/>Mastering the integration playbook<br/>Organizational integration<br/>Tech integration<br/>Conclusion: The ultimate opportunity<br/>Appendix 1. Summary of book one : How to Make a Few Billion Dollars (2023)<br/>Appendix 2. Timeline of unnatural selection<br/>Appendix 3. Humanity's 13.8-billion-year profit and loss statement<br/>Appendix 4. Thought experiments<br/>Appendix 5. Sources of equity capital<br/>
520 ## - RESUMEN, ETC.
Sumario, etc. re you ready to sharpen the skills that fuel extraordinary success? In this sequel to his bestselling How to Make a Few Billion Dollars, renowned entrepreneur Brad Jacobs delivers a detailed playbook for mastering business success at scale. He explains how to partner with the smartest global investors, integrate acquisitions into cohesive profit engines, and build organizations where culture, compensation, and talent are perfectly aligned. How to Make a Few More Billion Dollars is both a practical how-to manual and a wealth of fresh insights you can apply to your own ambitions. Jacobs reveals a wealth of proven techniques for cultivating a winning mindset--the foundation of his formidable track record as a Wall Street moneymaker. He details the meditation and psychological tools he uses to stay centered amid chaos, lead with clarity, and reframe irrational beliefs and cognitive distortions. His step-by-step mindfulness methods apply to any goal, whether you want to transform a global industry or create monumental value in any other area. Jacobs concludes by distilling 2.6 million years of technological and tool-making evolution before confronting the responsibilities leaders face in shaping the future of AI. He presents four potential outcomes for humanity--from collapse to utopia--and argues that our choices right now will determine whether we merely survive or truly thrive at levels once unimaginable."-
906 ## - ELEMENTOS DE DATOS F LOCAL, LDF (RLIN)
a 0
b ibc
c orignew
d 2
e epcn
f 20
g y-gencatlg
942 ## - ELEMENTOS DE ENTRADA SECUNDARIOS (KOHA)
Fuente del sistema de clasificación o colocación Clasificación de Library of Congress
Tipo de ítem Koha Libro
Suprimir en OPAC No
946 ## - PROCESAMIENTO DE INFORMACIÓN LOCAL (OCLC)
Iniciales del agente catalogador dpf
Holdings
Estatus retirado Estado de pérdida Fuente del sistema de clasificación o colocación Estado de daño No para préstamo Colección Biblioteca de origen Biblioteca actual Ubicación en estantería Fecha de adquisición Signatura topográfica completa Código de barras Visto por última vez Copia número Tipo de ítem Koha
    Clasificación de Library of Congress     Automatización y Procesos Técnicos Biblioteca Juan Bosch Biblioteca Juan Bosch Automatización y Procesos Técnicos (1er. Piso) 14/04/2026 J17h 2025 00000199029 14/04/2026 1 Libro